1. Outsourcing. Metóda skvalitnenia podnikových procesov
Pojem outsourcing, význam outsourcingu, historický vývoj outsourcingu. V posledných rokoch dochádza k značnému rozvoju outsourcingu služieb. Dôvody na vyčleňovanie podnikových funkcií. Prínosy a riziká súvisiace s outsourcingom. Business process outsourcing ako produkt medzinárodnej globalizácie a v...
Enregistré dans:
| Auteur principal: | |
|---|---|
| Autres auteurs: | |
| Format: | Chapitre de livre |
| Langue: | slovaque |
| Sujets: | |
| Tags: |
Pas de tags, Soyez le premier à ajouter un tag!
|
MARC
| LEADER | 00000naa$a2200000$$$4500 | ||
|---|---|---|---|
| 001 | 0091193 | ||
| 005 | 20240502072022.3 | ||
| 041 | 0 | |a slo | |
| 044 | |a SK | ||
| 245 | 1 | 0 | |a 1. Outsourcing. Metóda skvalitnenia podnikových procesov |c Ferdinand Daňo, Elena Trenčianska |
| 520 | |a Pojem outsourcing, význam outsourcingu, historický vývoj outsourcingu. V posledných rokoch dochádza k značnému rozvoju outsourcingu služieb. Dôvody na vyčleňovanie podnikových funkcií. Prínosy a riziká súvisiace s outsourcingom. Business process outsourcing ako produkt medzinárodnej globalizácie a vývoja IKT. | ||
| 610 | 2 | 0 | |a outsourcing |
| 610 | 2 | 0 | |a pojmy |
| 610 | 2 | 0 | |a história |
| 610 | 2 | 0 | |a služby |
| 610 | 2 | 0 | |a riadenie |
| 610 | 2 | 0 | |a podnik |
| 100 | 1 | |a Daňo, Ferdinand, 1959- | |
| 700 | 1 | |a Trenčianska, Elena | |